| 000 | 00684nam a22002417a 4500 | ||
|---|---|---|---|
| 003 | OSt | ||
| 005 | 20220107122859.0 | ||
| 008 | 200312b xxu||||| |||| 00| 0 eng d | ||
| 020 | _a9781138601826 | ||
| 040 | _cIIITMK | ||
| 082 | _a006.312 ZIZ/T | ||
| 100 |
_aZizka, Jan _917850 |
||
| 245 |
_aText mining with machine learning: _bPrinciples and techniques _cJan Zizka |
||
| 260 |
_aBoca Raton, _bCRC Press, _c2020 |
||
| 300 | _axii, 351p. | ||
| 650 |
_aCOMPUTER SCIENCE _918099 |
||
| 650 |
_aMACHINE LEARNING _918100 |
||
| 650 |
_aDATA MINING _918101 |
||
| 650 |
_aTEXT MINING _918102 |
||
| 700 |
_aDarena, Frantisek _917851 |
||
| 700 |
_aSvoboda, Arnost _917852 |
||
| 942 |
_2ddc _cBK |
||
| 999 |
_c6760 _d6760 |
||